000 01089nam0a22002411i 4500
001 rc\4410076
005 20240724160520.0
021 _aRU
_b[64-88148]
035 _a(NLR Aleph) 008302256
090 _a8643569
_c8643569
100 _a20130416d1964 |||y0rusy50 ca
101 0 _arus
102 _aRU
105 _ay dj |||||
200 1 _aПроизводительный труд учащихся - составная часть учебно-воспитательной работы школы
_e(На опыте сел. ученических произв. бригад)
_eАвтореферат дис. на соискание учен. степени кандидата пед. наук
_fНауч.-исслед. ин-т теории и истории педагогики АПН РСФСР
210 _aМосква
_d1964
215 _a24 с.
320 _aСписок работ автора: с. 23-24 (10 назв.)
700 1 _aДуля
_bИ.П.
_gИван Петрович
801 0 _aRU
_bNLR
_gpsbo
801 1 _aRU
_bELAR
_2rusmarc
852 _aNLR
_j64-4/19905
942 _cBOOK